00883nam a2200265 i 450000100060000000300090000600500170001500700030003200800410003502000180007608000110009408000120010510000340011724500770015126000360022830000470026449000170031165000390032865000310036770000330039883000250043185200220045699900170047895201220049573273ES-MaACL20250823100854.0t|040923s2004 sp ||||1| spa d a84-9756-203-8 a78.073 a78(091)1 aHalffter, Cristóbal.96154113aEl placer de la música / cCristóbal Halffter y Luis Ignacio Parada. aMadrid : bSíntesis, c[2004] a204 p., [16] p. de lám., mus. ; c24 cm.1 aLos placeres 4aMúsica-xInterpretación915392 4aMúsica-vHistoria9153911 aParada, Luis Ignacio.9889061 aLos placeres92311604 aES-MaACLjL-28157 c73273d73273 00104070aATENEOMbATENEOMcDEPO2d2008-01-17eSCl0oL-28157p1076701r2023-02-23 00:00:00w2023-02-23yMONOGRAFIA